00150nam a2200061Ia 4500008004100000245003900041260000800080170620s9999 xx 000 0 und d 0aTEACHNING PRACTICE LESSON PLANNING bAPH